000 00264nam a2200097Ia 4500
001 851836
005 20250826174503.0
008 250824s9999 xx 000 0 und d
245 0 _aTARİHİN GÖNÜL AYNASI ERTUĞRUL GAZİ
_cMUSTAFA AKGÜN
260 _bPANAMA YAYINLARI
999 _c851836
_d851836